000 00349nam a2200121Ia 4500
008 220901s9999||||xx |||||||||||||| ||und||
082 _a620.11 MAH
100 _aMehrotra, Puneet
245 0 _aJournal of experimental and applied mechanics
250 _aVol. 10 Issue 1 & 2
260 _bSTM Journals
_c2019
650 _aMechanical Engineering
_913026
999 _c194118
_d194118